000 00306nam a22001457a 4500
008 210428b ||||| |||| 00| 0 eng d
020 _a2900435085710
041 _aeng
080 _a7
082 _a7
100 _a45
101 _aART
245 _aFrom Play to Art
_cGeorge Szekely
942 _2udc
_cBK
999 _c56906
_d56906